محاضر مجلس شوري النواب / (Record no. 8197)
[ view plain ]
| 000 -الفاتح | |
|---|---|
| حقل البيانات ثابتة الطول | 02349nac a22002891u 4500 |
| 008 - عناصر البيانات ثابتة الطول - معلومات عامة | |
| حقل البيانات ثابتة الطول | 080916s20012006xxu||||| |||| 00| 0 ara d |
| 020 ## - الرقم الدولى المعيارى للكتب | |
| الرقم الدولى المعيارى للكتاب | 9771801864 |
| 020 ## - الرقم الدولى المعيارى للكتب | |
| الرقم الدولى المعيارى للكتاب | 9771804286 |
| 082 ## - رقم تصنيف ديوى العشرى | |
| رقم التصنيف | 328.3 |
| رقم المادة | م ح ا |
| 245 ## - بيان العنوان | |
| العنوان | محاضر مجلس شوري النواب / |
| بيان المسئوليه,etc | دراسة تحليلية وإشراف سعيدة محمد حسني ؛ تحقيق عبد الرازق عبد الرازق عيسى؛ تصدير سمير غريب |
| 260 ## - PUBLICATION, DISTRIBUTION, ETC. (IMPRINT) | |
| مكان الناشر او الموزع | القاهرة : |
| اسم الناشر او الموزع | دار الكتب والوثائق القومية ، 2001- 2006. |
| تاريخ النشر أو التوزيع | 2001- 2006. |
| 300 ## - الوصف المادى | |
| التعداد | 2 مج ؛ |
| أبعاد الوعاء | 32 cm. |
| 504 ## - تبصرة ببليوجرافية | |
| تبصرة ببليوجرافية,الخ | يحتوي علي إرجاعات ببليوجرافية وفهارس |
| 505 ## - تبصرة محتويات-الفهرس | |
| العنوان | الهيئة النيابية الأولى : 1866 - 1869 |
| بيان المسئولية | دراسة تحليلية وإشراف سعيدة محمد حسنى ؛ تحقيق عبد الرازق عبد الرازق عيسى ؛ تصدير سمير غريب |
| العنوان | الهيئة النيابية الثانية : 1870 - 1873 |
| بيان المسئولية | تحقيق حسام محمد عبد المعطى ؛ إشراف سعيدة محمد حسنى |
| 511 ## - | |
| -- | Catalogued by: Sara |
| 650 ## - المدخل الاضافى بالموضوع-مصطلح موضوعى | |
| مصطلح موضوعي أو اسم جغرافي كعنصر مدخل | الشورى في مصر |
| 9 (RLIN) | 21458 |
| 650 ## - المدخل الاضافى بالموضوع-مصطلح موضوعى | |
| مصطلح موضوعي أو اسم جغرافي كعنصر مدخل | الهيئات التشريعية |
| 9 (RLIN) | 21459 |
| 651 ## - المدخل الاضافى بالموضوع - اسم جغرافى | |
| 9 (RLIN) | 21457 |
| الاسم الجغرافي | مصر |
| التقسيم الفرعي العام | مجلس الشورى |
| 700 ## - المدخل الاضافى - اسم شخصى | |
| 9 (RLIN) | 21040 |
| الإسم الشخصى | ؛ حسنى ، سعيدة محمد |
| الدور | دراسة تحليلية وإشراف |
| 700 ## - المدخل الاضافى - اسم شخصى | |
| 9 (RLIN) | 21041 |
| الإسم الشخصى | ؛عيسى ، عبد الرازق عبد الرازق |
| الدور | تحقيق |
| 700 ## - المدخل الاضافى - اسم شخصى | |
| 9 (RLIN) | 21042 |
| الإسم الشخصى | ؛عبد المعطى ، حسام محمد |
| الدور | تحقيق |
| 740 ## - المدخل الاضافى - عنوان مرتبط/تحليلى غير مقيد | |
| العنوان التحليلي/ الرابط غير مقيد | محاضر مجلس شورى النواب: الهيئة النيابية الأولى |
| 740 ## - المدخل الاضافى - عنوان مرتبط/تحليلى غير مقيد | |
| العنوان التحليلي/ الرابط غير مقيد | محاضر مجلس شورى النواب: الهيئة النيابية الثانية |
| 942 ## - عناصر المدخل الإضافي( كوها) | |
| Koha [default] item type | Book - Borrowing |
| سابقة رقم الطلب | 328.3 م ح ا |
| مصدر التصنيف او مخطط الترفيف | Dewey Decimal Classification |
| حالة التراجع | حالة الفقد | مصدر التصنيف او خطة الترفيف | حالة تلف | ليس للاعارة | مجموعات كوها | المكان الدائم | المكان الحالي | موقع الترفيف | تاريخ الاكتساب | Source of acquisition | رقم الاستدعاء | الباركود | Date last seen | التكلفة | نوع الوعاء | تبصرة عامة |
|---|---|---|---|---|---|---|---|---|---|---|---|---|---|---|---|---|
| Dewey Decimal Classification | Central Library | Central Library | First floor | 06/12/2010 | 328.3 م ح ا | 000010087 | 15/07/2025 | 17.75 | Book - Borrowing | الجزء الثاني | ||||||
| Dewey Decimal Classification | Central Library | Central Library | First floor | 16/09/2008 | 328.3 م ح ا | 000010085 | 15/07/2025 | Book - Borrowing | الجزء الأول |